Sports Quiz

Random Sports or Decade Quiz

A Decade of Sports (1950s) Quiz Stats

 Plays Quiz Updated May 26, 2017

Support Sporcle.
Go Orange.
Score 0/67 Timer 07:00
5 Plays Today
Event Team % Correct
World Series ChampionsNew York Yankees
95.3%
World Series ChampionsNew York Yankees
95.3%
World Series ChampionsNew York Yankees
95.3%
World Series ChampionsNew York Yankees
95.3%
World Series ChampionsNew York Yankees
95.3%
World Series ChampionsNew York Yankees
95.3%
NBA ChampionsMinneapolis Lakers
91.6%
NBA ChampionsMinneapolis Lakers
91.6%
NBA ChampionsMinneapolis Lakers
91.6%
NBA ChampionsMinneapolis Lakers
91.6%
NBA ChampionsBoston Celtics
91.3%
NBA ChampionsBoston Celtics
91.3%
World Series ChampionsNew York Giants
87.2%
NFL ChampionsNew York Giants
87.2%
Most Olympic MedalsUnited States of America
87.1%
Stanley Cup ChampionsMontreal Canadiens
86.2%
Stanley Cup ChampionsMontreal Canadiens
86.2%
Stanley Cup ChampionsMontreal Canadiens
86.2%
Stanley Cup ChampionsMontreal Canadiens
86.2%
Stanley Cup ChampionsMontreal Canadiens
86.2%
FIFA World Cup ChampionsBrazil
83.2%
World Series ChampionsBrooklyn Dodgers
82.9%
World Series ChampionsLos Angeles Dodgers
82.9%
Stanley Cup ChampionsToronto Maple Leafs
80.6%
Stanley Cup ChampionsDetroit Red Wings
79.5%
Stanley Cup ChampionsDetroit Red Wings
79.5%
Stanley Cup ChampionsDetroit Red Wings
79.5%
Stanley Cup ChampionsDetroit Red Wings
79.5%
NFL ChampionsCleveland Browns
79%
NFL ChampionsCleveland Browns
79%
NFL ChampionsCleveland Browns
79%
Most Olympic MedalsSoviet Union
77.6%
Most Olympic MedalsSoviet Union
77.6%
FIFA World Cup ChampionsWest Germany
77.1%
Event Team % Correct
NFL ChampionsDetroit Lions
71.4%
NFL ChampionsDetroit Lions
71.4%
NFL ChampionsDetroit Lions
71.4%
NCAA DI Football ChampionsOhio State Buckeyes
70.7%
Most Olympic MedalsNorway
69.2%
NCAA DI Basketball ChampionsKentucky Wildcats
67.7%
NCAA DI Basketball ChampionsKentucky Wildcats
67.7%
NFL ChampionsBaltimore Colts
65.4%
NFL ChampionsBaltimore Colts
65.4%
NCAA DI Football ChampionsOklahoma Sooners
64.8%
NCAA DI Football ChampionsOklahoma Sooners
64.8%
NCAA DI Football ChampionsOklahoma Sooners
64.7%
NBA ChampionsSyracuse Nationals
60.8%
NCAA DI Basketball ChampionsNorth Carolina Tar Heels
60.4%
NCAA DI Football ChampionsLSU Tigers
58.9%
NCAA DI Basketball ChampionsKansas Jayhawks
57.8%
World Series ChampionsMilwaukee Braves
55.8%
NCAA DI Football ChampionsMichigan State Spartans
55.2%
NCAA DI Football ChampionsAuburn Tigers
54%
NBA ChampionsPhiladelphia Warriors
53%
NCAA DI Basketball ChampionsIndiana Hoosiers
52.5%
NFL ChampionsLos Angeles Rams
52.4%
FIFA World Cup ChampionsUruguay
51.3%
NBA ChampionsRochester Royals
50.7%
NBA ChampionsSt. Louis Hawks
48.6%
NCAA DI Basketball ChampionsSan Francisco Dons
41.2%
NCAA DI Basketball ChampionsSan Francisco Dons
41.2%
NCAA DI Football ChampionsSyracuse Orange
40.9%
NCAA DI Football ChampionsTennessee Volunteers
36.9%
NCAA DI Basketball ChampionsCalifornia Golden Bears
35.2%
NCAA DI Basketball ChampionsCity College of New York Beavers
29.3%
NCAA DI Football ChampionsMaryland Terrapins
28.8%
NCAA DI Basketball ChampionsLa Salle Explorers
20%

You're not logged in!

Compare scores with friends on all Sporcle quizzes.
OR
Log In
Forgot?

From the Vault

Pick the Vintage Game Show Host

by Propellerhead

From the days of leisure suits and hand-held microphones.
Remove Ads.
Support Sporcle.
Get the best of Sporcle when you Go Orange. This ad-free experience offers more features, more stats, and more fun while also helping to support Sporcle. Thank you for becoming a member.

Show Comments

Extras

Top Quizzes Today


Score Distribution

Your Account Isn't Verified!

In order to create a playlist on Sporcle, you need to verify the email address you used during registration. Go to your Sporcle Settings to finish the process.

Report this User

Report this user for behavior that violates our Community Guidelines.

Details: